Technical note on sixth plan of India (1980-85) (Record no. 496702)
[ view plain ]
| 000 -LEADER | |
|---|---|
| fixed length control field | 00334cam a22001097a 4500 |
| 008 - FIXED-LENGTH DATA ELEMENTS--GENERAL INFORMATION | |
| fixed length control field | 180718b1981 xxu||||| |||| 00| 0 eng d |
| 082 ## - DEWEY DECIMAL CLASSIFICATION NUMBER | |
| Classification number | T000x54 6/T |
| 245 ## - TITLE STATEMENT | |
| Title | Technical note on sixth plan of India (1980-85) |
| Statement of responsibility, etc. | by Planning Department |
| 260 ## - PUBLICATION, DISTRIBUTION, ETC. | |
| Place of publication, distribution, etc. | |
| Name of publisher, distributor, etc. | Government of India |
| Date of publication, distribution, etc. | 1981 |
| 300 ## - PHYSICAL DESCRIPTION | |
| Extent | 239p. |
| 700 ## - ADDED ENTRY--PERSONAL NAME | |
| Personal name | India. Planning Department |
| Withdrawn status | Lost status | Damaged status | Not for loan | Permanent Location | Current Location | Date acquired | Full call number | Barcode | Date last seen | Price effective from | Koha item type |
|---|---|---|---|---|---|---|---|---|---|---|---|
| Indian Institute of Public Administration | Indian Institute of Public Administration | 2018-08-04 | T000x54 6/T | G16297 | 2018-08-04 | 2018-08-04 | G | ||||
| Indian Institute of Public Administration | Indian Institute of Public Administration | 2018-08-04 | T000x54 6/T | G16296 | 2018-08-04 | 2018-08-04 | G | ||||
| Indian Institute of Public Administration | Indian Institute of Public Administration | 2018-08-04 | T000x54 6/T | G15595 | 2018-08-04 | 2018-08-04 | G |
